000 00603nai a2200181Ia 4500
003 IN-BaIIA
008 211028c9999 xx s 000 0 eng d
022 _a1139-1138 (Print)
022 _a1988-2807 (Online)
040 _cIIA Library
245 0 _aRevista Matemática Complutense
_h[eJournal]
260 _aBasel, Switzerland
_bSpringer International Publishing
310 _a3/year
362 _a23(1); 2010 - Present
521 _bSubscribed through National Knowledge Resource Consortium (NKRC)
856 _uhttps://www.springer.com/journal/13163
_yClick Here to Access eJournal
942 _cEJ
999 _c35656
_d35656